000 00370nam a2200145Ia 4500
008 191201s2008 xx 000 0 und d
082 _a621.43
_bRAI
100 _aRAMALINGAM, K.K.
245 0 _aInternal Combustion Engines
250 _a2nd
260 _a-
_bScitech Publication Chennai and Hadrabad
_c2008
300 _amisc.
650 _aB.Tech(ME)
942 _2ddc
_cBK
999 _c3531
_d3531